000 00319nam a22001457a 4500
003 SGT
082 _a611
_bS93S
100 _aSAINI, GOPAL KRISHNA
245 _aSHARIRA RACHNA PUSTIKA
260 _aDELHI
_bNATH PUSTAK
_c1993
300 _a424
650 _aRACHNA SHARIRA
653 _aRACHNA SHARIRA
942 _2ddc
_cBK
999 _c8272
_d8272